Statistics for Countries that Beat Qatar

Click here to take the quiz!

General Stats

  • This quiz has been taken 261 times
    (142 since last reset)
  • The average score is 11 of 20

Answer Stats

RankCategoryCountry% Correct
5Least populated in AsiaBrunei | Maldives | Bhutan | Bahrain
92%
7With the richest leaderThailand | Brunei | Saudi Arabia | United Arab Emirates | Morocco | Liechtenstein
79%
5Smallest in AsiaLebanon | Brunei | Bahrain | Singapore | Maldives
76%
3First asian country organiser of the soccer world cupJapan | South Korea
72%
6Highest obesity ratePalau | Nauru | Tonga | Samoa | Marshall Islands
65%
2Richest per capitaMonaco
63%
3Most oil dependentSaudi Arabia | Norway
62%
3Hottest in AsiaBahrain | Maldives
61%
4Least precipitationsEgypt | Libya | Saudi Arabia
54%
4Least borders (length, non-zero)Vatican | Monaco | San Marino
52%
6Highest HDI in AsiaJapan | South Korea | Israel | Brunei | Cyprus
51%
4Least guessed in the Middle East map quizKuwait | Lebanon | Jordan
51%
2Most guessed in the Monarchies of the world quizSaudi Arabia
50%
4Highest size ratio with a bordering country in AsiaChina/Bhutan | Russia/Georgia | Russia/Azerbaijan
49%
2Only country starting with a letter, closer to the end of the alphabetYemen
48%
3Most important oil reserves per capitaKuwait | United Arab Emirates
43%
5Highest percent of residents living in the capital citySingapore | Monaco | Vatican | Bahamas
42%
2Highest men sex ratioVatican
37%
2Forming the richest pair by borderSwitzerland/Liechtenstein
29%
2That left OPEC most recentlyEcuador
11%

Score Distribution

Percentile by Number Answered

Percent of People with Each Score

Your Score History

You have not taken this quiz since the last reset